<?xml version="1.0" encoding="UTF-8"?>
<record
    xmlns:xsi="http://www.w3.org/2001/XMLSchema-instance"
    xsi:schemaLocation="http://www.loc.gov/MARC21/slim http://www.loc.gov/standards/marcxml/schema/MARC21slim.xsd"
    xmlns="http://www.loc.gov/MARC21/slim">

  <leader>00418    a2200109   4500</leader>
  <controlfield tag="001">ART_10504</controlfield>
  <controlfield tag="005">20260410161848.0</controlfield>
  <controlfield tag="008">260409a                                 </controlfield>
  <datafield tag="245" ind1="1" ind2="0">
    <subfield code="a">Multiplicidad tecnol&#xF3;gica, intensidad en el uso de la tierra y pol&#xED;tica econ&#xF3;mica agropecuaria en el sector pampeano argentino</subfield>
  </datafield>
  <datafield tag="100" ind1="1" ind2=" ">
    <subfield code="a">Sturzenegger, Adolfo</subfield>
  </datafield>
  <datafield tag="773" ind1="0" ind2=" ">
    <subfield code="t">Econ&#xF3;mica</subfield>
    <subfield code="g">- A&#xF1;o XXIV, N&#xBA; 1/2/3 (ene./dic.1978)</subfield>
    <subfield code="w">REV7541</subfield>
  </datafield>
  <datafield tag="999" ind1=" " ind2=" ">
    <subfield code="c">24791</subfield>
    <subfield code="d">24791</subfield>
  </datafield>
</record>
